| 000 | 00351nam a2200145 a 4500 | ||
|---|---|---|---|
| 001 | 4095 | ||
| 003 | CDMR | ||
| 005 | 20130227101433.0 | ||
| 008 | 130130s1990||||||||||||||||||||||||||||d | ||
| 040 |
_aCDMR _bcat _cCPC GIRONA |
||
| 110 |
_9624 _aAgencia EFE |
||
| 245 | 1 | 0 | _aAnuario iberoamericano (1990) |
| 260 |
_c1990 _bPirĂ¡mide _aMadrid |
||
| 942 |
_cMON _2ddc |
||
| 999 |
_c4095 _d4095 |
||